000 00308nam a22001457a 4500
008 210426b ||||| |||| 00| 0 eng d
020 _a9781853392504
041 _aeng
080 _a574
082 _a574
100 _a9
101 _aMJE
245 _aBeyond Farmer First
_cScoones,I
942 _2udc
_cBK
999 _c56775
_d56775